[Event "Leverkusen Bayer op 10th"]
[Site "Leverkusen"]
[Date "2012.01.11"]
[Round "1"]
[White "Puetzkaul, Karl"]
[Black "Engels, Immanuel"]
[Result "1-0"]
[WhiteElo "1778"]
[BlackElo "1534"]
[PlyCount "54"]
[EventDate "2012.01.11"]
[EventType "swiss"]
[EventRounds "7"]
[EventCountry "GER"]
[SourceTitle "EXT 2014"]
[Source "ChessBase"]
[SourceDate "2013.11.20"]
[SourceVersion "1"]
[SourceVersionDate "2013.11.20"]
[SourceQuality "1"]

1. e4 d5 2. exd5 Nf6 3. d4 Nxd5 4. Nf3 Bg4 5. Be2 Nc6 6. 0-0 e6 7. c4 Nf6 8. Be3 Bd6 9. Nc3 0-0 10. a3 a5 11. Qd2 Qd7 12. c5 Be7 13. b4 axb4 14. axb4 Nxb4 15. Ne5 Qe8 16. Nxg4 Nxg4 17. Bxg4 b6 18. Bf3 Rxa1 19. Rxa1 bxc5 20. dxc5 Bf6 21. Rb1 Bxc3 22. Qxc3 Nd5 23. Bxd5 exd5 24. Qd4 Qa8 25. h3 Re8 26. Qb2 Qd8 27. Bd4 f6 1-0

[Event "Leverkusen Bayer op 9th"]
[Site "Leverkusen"]
[Date "2011.03.14"]
[Round "5"]
[White "Jankowiak, Frank"]
[Black "Engels, Immanuel"]
[Result "1-0"]
[WhiteElo "1778"]
[BlackElo "1302"]
[PlyCount "61"]
[EventDate "2011.01.10"]
[EventType "swiss"]
[EventRounds "7"]
[EventCountry "GER"]
[SourceTitle "EXT 2012"]
[Source "ChessBase"]
[SourceDate "2011.11.24"]
[SourceVersion "1"]
[SourceVersionDate "2011.11.24"]
[SourceQuality "1"]

1. e4 d5 2. exd5 Nf6 3. c4 c6 4. dxc6 Nxc6 5. Nc3 e5 6. d3 Bc5 7. Be2 0-0 8. Nf3 Qb6 9. Na4 Bb4+ 10. Bd2 Qa5 11. Nc3 Rd8 12. a3 Bxc3 13. Bxc3 Qc7 14. Qc2 Bf5 15. 0-0 Ng4 16. h3 Nh6 17. Rad1 Qd6 18. Rfe1 Qg6 19. Nh4 Qg5 20. Nxf5 Qxf5 21. Bf3 Nd4 22. Bxd4 Rxd4 23. Bxb7 Rb8 24. Be4 Qg5 25. b4 f5 26. Bd5+ Kh8 27. Qe2 Re8 28. Qe3 f4 29. Qxd4 exd4 30. Rxe8+ Ng8 31. Rxg8# 1-0

[Event "Cologne Longerich op 7th"]
[Site "Cologne"]
[Date "2010.07.31"]
[Round "2"]
[White "Liu, Julian"]
[Black "Engels, Immanuel"]
[Result "0-1"]
[WhiteElo "961"]
[BlackElo "1239"]
[PlyCount "82"]
[EventDate "2010.07.30"]
[EventType "swiss"]
[EventRounds "5"]
[EventCountry "GER"]
[SourceTitle "EXT 2011"]
[Source "ChessBase"]
[SourceDate "2010.11.26"]
[SourceVersion "1"]
[SourceVersionDate "2010.11.26"]
[SourceQuality "1"]

1. e4 e5 2. Nf3 Nf6 3. Nc3 Bc5 4. Be2 Nc6 5. d3 d6 6. Bg5 h6 7. Bh4 Bg4 8. Nd5 Bxf3 9. Nxf6+ gxf6 10. Bxf3 h5 11. Bxh5 Nd4 12. c3 Nc2+ 13. Qxc2 Rxh5 14. g3 Qe7 15. Qe2 Rh6 16. Qg4 Rg6 17. Qh5 0-0-0 18. 0-0 Rdg8 19. a4 a6 20. Rad1 Kb8 21. Rfe1 Qe8 22. Qf5 Qd8 23. d4 exd4 24. cxd4 Bb4 25. Re3 Rh8 26. Kf1 Rhh6 27. Rb3 a5 28. Rdd3 Qe8 29. Qd5 Qg8 30. Qf5 Qe8 31. Qd5 Qd7 32. e5 Qf5 33. Qxf7 Qe4 34. exf6 Rxh4 35. Re3 Qb1+ 36. Ke2 Qc2+ 37. Kf3 Qd1+ 38. Kg2 Rxh2+ 39. Kxh2 Rh6+ 40. Qh5 Rxh5+ 41. Kg2 Qh1# 0-1

[Event "Leverkusen-ch op"]
[Site "Leverkusen"]
[Date "2010.03.08"]
[Round "4"]
[White "Nattkaemper, Udo"]
[Black "Engels, Immanuel"]
[Result "0-1"]
[WhiteElo "1065"]
[BlackElo "1120"]
[PlyCount "98"]
[EventDate "2010.01.18"]
[EventType "swiss"]
[EventRounds "7"]
[EventCountry "GER"]
[SourceTitle "EXT 2011"]
[Source "ChessBase"]
[SourceDate "2010.11.26"]
[SourceVersion "1"]
[SourceVersionDate "2010.11.26"]
[SourceQuality "1"]

1. e4 e5 2. Nf3 Nc6 3. Bc4 d6 4. Nc3 Bg4 5. h3 Bh5 6. Nxe5 Nxe5 7. Qxh5 Nxc4 8. Qb5+ Qd7 9. Qxc4 0-0-0 10. d4 f5 11. f3 Nf6 12. Bg5 Re8 13. Bxf6 gxf6 14. 0-0-0 Bh6+ 15. Kb1 Rhg8 16. Nd5 Rgf8 17. Rhe1 c6 18. Rd3 Kb8 19. Ne3 fxe4 20. fxe4 Rxe4 21. Rb3 Rfe8 22. Qd3 Rxe3 23. Rxe3 Rxe3 24. Qd1 Rxb3 25. axb3 Qf5 26. Qe2 Bg5 27. Qe7 d5 28. g4 Qc8 29. Qxh7 a6 30. h4 Be3 31. c3 Qxg4 32. Qh8+ Ka7 33. Qxf6 Qg1+ 34. Ka2 Qh2 35. Qf1 Qxh4 36. Qd3 Bf4 37. c4 Qd8 38. Qc3 Bh6 39. c5 Bg7 40. Qb4 Qh4 41. Qa5 Bf6 42. Qb6+ Kb8 43. Qb4 Qxd4 44. Qxd4 Bxd4 45. b4 a5 46. Kb3 Ka7 47. Ka3 Ka6 48. Ka4 axb4 49. Kxb4 Bxb2 0-1

[Event "Leverkusen-ch op"]
[Site "Leverkusen"]
[Date "2010.02.22"]
[Round "3"]
[White "Engels, Immanuel"]
[Black "Liebsch, Felix"]
[Result "0-1"]
[WhiteElo "1120"]
[BlackElo "1398"]
[PlyCount "84"]
[EventDate "2010.01.18"]
[EventType "swiss"]
[EventRounds "7"]
[EventCountry "GER"]
[SourceTitle "EXT 2011"]
[Source "ChessBase"]
[SourceDate "2010.11.26"]
[SourceVersion "1"]
[SourceVersionDate "2010.11.26"]
[SourceQuality "1"]

1. d4 f5 2. c4 Nf6 3. Nf3 g6 4. Bf4 d6 5. Nc3 Bg7 6. e3 0-0 7. Be2 c5 8. 0-0 b6 9. Qd3 Bb7 10. Rad1 Nbd7 11. d5 h6 12. h3 Qc7 13. b3 Rad8 14. g4 fxg4 15. hxg4 g5 16. Bxg5 hxg5 17. Nxg5 Ne5 18. Qc2 Bc8 19. Nce4 Nexg4 20. Bxg4 Bxg4 21. Nxf6+ Rxf6 22. f3 Bf5 23. e4 Rg6 24. f4 Bh3 25. Qh2 Qd7 26. Rd3 Rxg5+ 27. fxg5 Qg4+ 28. Rg3 Bd4+ 29. Kh1 Qxe4+ 30. Rff3 Qe1+ 31. Rg1 Qxg1+ 32. Qxg1 Bxg1 33. Rxh3 Bd4 34. Kg2 Kg7 35. Kg3 Kg6 36. Kg4 Rh8 37. Rh6+ Kf7 38. Rxh8 Bxh8 39. Kf5 Be5 40. g6+ Kg7 41. Kg5 Bf6+ 42. Kh5 a6 0-1